LEADER 01100nam a2200253 i 4500 001 000000224461 003 CaOOAMICUS 005 20260417121501.0 008 131031s1936 it u000 u mul u 013 $a203359 040 $aSeMil$bita 100 1 $aHempel, Johannes,$d<1891-1964>.$0(OLS)http://semarc/name/21105 245 10$aHebräisches Wörterbuch zu Jesaja /$cvon D. Dr. Johannes Hempel. 250 $a2., vielfach ergänzte Aufl. 260 $aBerlin :$bTöpelmann,$c1936. 300 $aVII, 58 p. ;$c25 cm. 490 0 $aEinzelwörterbücher zum Alten Testament ;$v2. Heft 650 4$aBibbia. Antico Testamento. Isaia - Testo ebraico - Dizionari.$0(OLS)http://semarc/subject/60001 830 0$aEinzelwörterbücher zum Alten Testament ;$v2.$0(OLS)http://semarc/title/39397 850 $aSeMil 852 $aSeMil$W1$xVenegono$y1$m2VV VII 67$j270401$B174807$CSeMilBibl$Z2$F184819 $81 996 $6245$aHebräisches Wörterbuch zu Jesaja$9(OLS)http://semarc/title/321693 996 $6260$aBerlin :$bTöpelmann$9(OLS)http://semarc/publisher/30771